00670 a2200145 4500003000500000005001700005040000900022082001200031100002800043245006300071260003600134300001100170505030500181650003800486NUST20230118122204.0 cNust a387,HUS aHussain, Khalifa Afzal  aThe concept of transport in Quran /cKhalifa Afzal Hussain aLahorebNew Fine printingc1987 a95 .p; aThe Mysteries in The Quran (Page-9), Communications and Transport (Page-26), Travel Subjective & Objective (Page-34), Maritime Transport (Page-41), The Delug (Page-54), Road Transport (Page-62), The Significance of Transport in Miraj (Page-71), The Concept of Science and Commerce in Quran (Page-80). aThe concept of transport in quran